Essential guide to marketing planning / (Record no. 25531)

MARC details
000 -LEADER
fixed length control field 00721cam a22002295a 4500
001 - CONTROL NUMBER
control field 19392252
005 - DATE AND TIME OF LATEST TRANSACTION
control field 20171031124041.0
008 - FIXED-LENGTH DATA ELEMENTS--GENERAL INFORMATION
fixed length control field 161201s2017 enka b 001 0 eng
020 ## - INTERNATIONAL STANDARD BOOK NUMBER
International Standard Book Number 9781292117522
040 ## - CATALOGING SOURCE
Original cataloging agency DLC
Language of cataloging eng
Transcribing agency DLC
Modifying agency DLC
-- EG-ScBUE
082 04 - DEWEY DECIMAL CLASSIFICATION NUMBER
Classification number 658.802
Edition number 22
Item number WOO
100 1# - MAIN ENTRY--PERSONAL NAME
Personal name Wood, Marian Burk.
9 (RLIN) 20883
245 10 - TITLE STATEMENT
Title Essential guide to marketing planning /
Statement of responsibility, etc Marian Burk Wood.
250 ## - EDITION STATEMENT
Edition statement 4th ed.
260 ## - PUBLICATION, DISTRIBUTION, ETC. (IMPRINT)
Place of publication, distribution, etc Harlow :
Name of publisher, distributor, etc Pearson Education Limited,
Date of publication, distribution, etc c.2017.
300 ## - PHYSICAL DESCRIPTION
Extent xvii, 268 p. :
Other physical details ill. ;
Dimensions 24 cm.
504 ## - BIBLIOGRAPHY, ETC. NOTE
Bibliography, etc Includes bibliographical references and index.
650 #7 - SUBJECT ADDED ENTRY--TOPICAL TERM
Topical term or geographic name as entry element Marketing
General subdivision Planning.
Source of heading or term BUEsh
9 (RLIN) 5729
653 ## - INDEX TERM--UNCONTROLLED
Resource For college BAEPS, Business Administration
Arrived date list October2017
655 ## - INDEX TERM--GENRE/FORM
Form subdivision Reading book
-- 34232
942 ## - ADDED ENTRY ELEMENTS (KOHA)
Source of classification or shelving scheme Dewey Decimal Classification
Holdings
Withdrawn status Item status Source of classification or shelving scheme Damaged status Not for loan Vendor Home library Current library Shelving location Date acquired Source of acquisition Cost, normal purchase price Total Checkouts Total Renewals Full call number Barcode Date last seen Date last borrowed Koha item type
    Dewey Decimal Classification     Baccah Central Library Central Library First floor 31/10/2017 Purchase 700.00 1 1 658.802 WOO 000046825 15/07/2025 29/11/2017 Book - Borrowing
    Dewey Decimal Classification     Baccah Central Library Central Library First floor 31/10/2017 Purchase       658.802 WOO 000046826 15/07/2025   Book - Borrowing
    Dewey Decimal Classification     Baccah Central Library Central Library First floor 31/10/2017 Purchase   1 24 658.802 WOO 000046827 15/07/2025 05/11/2017 Book - Borrowing